<?xml version="1.0" encoding="UTF-8"?>
<collection xmlns:xsi="http://www.w3.org/2001/XMLSchema-instance" xsi:schemaLocation="http://www.loc.gov/MARC21/slim http://www.loc.gov/standards/marcxml/schema/MARC21slim.xsd" xmlns="http://www.loc.gov/MARC21/slim">
 <record>
  <leader>00000ctmaa22000003a 4500</leader>
  <controlfield tag="001">UP-1685675941123958226</controlfield>
  <controlfield tag="003">Buklod</controlfield>
  <controlfield tag="005">20180817120938.0</controlfield>
  <controlfield tag="006">aa    rb   |||1 u|</controlfield>
  <controlfield tag="007">ta</controlfield>
  <controlfield tag="008">180817s        xx     d     r    |||| u|</controlfield>
  <datafield tag="035" ind1=" " ind2=" ">
   <subfield code="a">(iLib)UPTAC-00019010346</subfield>
  </datafield>
  <datafield tag="040" ind1=" " ind2=" ">
   <subfield code="a">UPVTC</subfield>
  </datafield>
  <datafield tag="041" ind1="0" ind2=" ">
   <subfield code="a">eng</subfield>
  </datafield>
  <datafield tag="090" ind1=" " ind2="0">
   <subfield code="a">LG 993.5 2018 P6</subfield>
   <subfield code="b">M66</subfield>
  </datafield>
  <datafield tag="100" ind1="1" ind2=" ">
   <subfield code="a">Montes, Lemuel R., Jr.</subfield>
  </datafield>
  <datafield tag="245" ind1="0" ind2="2">
   <subfield code="a">A perception study of federalism in the Philippines</subfield>
   <subfield code="b">a study on the barangay officials of Palo, Leyte.</subfield>
  </datafield>
  <datafield tag="264" ind1=" " ind2="1">
   <subfield code="b">Lemuel R. Montes</subfield>
   <subfield code="c">Jr.</subfield>
   <subfield code="c">2018</subfield>
  </datafield>
  <datafield tag="300" ind1=" " ind2=" ">
   <subfield code="a">[8], 144 leaves</subfield>
   <subfield code="b">illustrations.</subfield>
  </datafield>
  <datafield tag="500" ind1=" " ind2=" ">
   <subfield code="a">A research paper (B.A.S.S. Political Science) -- University of the Philippines, Tacloban.</subfield>
  </datafield>
  <datafield tag="520" ind1=" " ind2=" ">
   <subfield code="a">The study attempts to determine the perception of the barangay officials about federalism and what their perception of what will happen to the Philippines if it federalizes. The study interviewed 24 barangay informants from the municipality of Palo, Leyte. Using Public Choice Theory and the Inferential Theory of Political Learning to explain the informant's responses, the common themes included informed responses like state government formation, increased political participation and a different income sharing between levels of government. There were also uninformed and misinformed perceptions like federalism as martial law and the appointment of barangay officials, instead of electing them. Also, when asked about the perceived division of responsibilities in federalism, regardless of the demographics, the informants mostly chose the national as the government unit that would supervise the given responsibilities. This shows the perceived incapacity of the local governments to perform functions that they cannot handle with their current capability. But overall, when the informants were asked if the different levels of government in federalism were capable, most of the informants answered yes to being capable to perform efficiently and effectively in terms of financial capability and human resource. Also, even with the perceived lack of understanding about federalism, the majority of the informants, except the females, said that they supported federalism. And finally, when asked what factors or circumstances could shift their stand regarding federalism, most of them answered that a deeper understanding about federalism can shift their stand, especially from the females who were mostly undecided. To conclude, the majority of barangay officials do not have adequate information about federalism but are positive in the way they perceive what will happen to the Philippines if it federalizes.</subfield>
  </datafield>
  <datafield tag="700" ind1="1" ind2=" ">
   <subfield code="a">Brazas-Lim, Ladylyn</subfield>
   <subfield code="e">adviser.</subfield>
  </datafield>
  <datafield tag="905" ind1=" " ind2=" ">
   <subfield code="a">UP</subfield>
  </datafield>
  <datafield tag="905" ind1=" " ind2=" ">
   <subfield code="a">FI</subfield>
  </datafield>
  <datafield tag="852" ind1="0" ind2=" ">
   <subfield code="a">UPTAC</subfield>
   <subfield code="b">UPTAC</subfield>
   <subfield code="h">LG 993.5 2018 P6</subfield>
   <subfield code="i">M66</subfield>
  </datafield>
  <datafield tag="942" ind1=" " ind2=" ">
   <subfield code="a">Thesis</subfield>
  </datafield>
 </record>
</collection>
